Normal view
MARC view
- Bendre P (2k6205)
Entry Personal Name
001 - CONTROL NUMBER
- control field: 102137
003 - CONTROL NUMBER IDENTIFIER
- control field: OSt
005 - DATE AND TIME OF LATEST TRANSACTION
- control field: 20221007215918.0
008 - FIXED-LENGTH DATA ELEMENTS
- fixed length control field: 221007|| aca||aabn | a|a d
040 ## - CATALOGING SOURCE
- Original cataloging agency: OSt
- Transcribing agency: OSt
100 ## - HEADING--PERSONAL NAME
- Personal name: Bendre P (2k6205)
670 ## - SOURCE DATA FOUND
- Source citation: Work cat.: (OSt)69295: Bendre P (2k6205), Patient Monitoring System, 2008